Исследование термической устойчивости нанопорошков алюминия и железа; Вестник науки Сибири; № 3 (9)
| Parent link: | Вестник науки Сибири: электронный научный журнал/ Томский политехнический университет (ТПУ).— , 2011-.— 2226-0064 № 3 (9).— 2013.— [С. 28-33] |
|---|---|
| Andre forfattere: | , , , |
| Summary: | Заглавие с титульного листа Исследована термическая устойчивость нанопорошков алюминия и железа, полученных электрическим взрывом проводников, при нагревании в воздухе. Показано, что нанопорошки металлов даже после длительного хранения продолжают оставаться чрезвычайно активными, что предопределяет необходимость разработки мероприятий по безопасному обращению с ними. Устойчивость наночастиц металлов к окислению зависит от состояния защитного поверхностного оксидно-гидроксидного слоя и определяется условиями получения нанопорошков и длительностью хранения. Параметры, характеризующие термическую активность, могут быть использованы для диагностики пожароопасности металлов в нанодисперсном состоянии. |
| Sprog: | russisk |
| Udgivet: |
2013
|
| Serier: | Инженерные науки |
| Fag: | |
| Online adgang: | http://earchive.tpu.ru/handle/11683/16433 |
| Format: | MixedMaterials Electronisk Book Chapter |
| KOHA link: | https://koha.lib.tpu.ru/cgi-bin/koha/opac-detail.pl?biblionumber=518046 |
MARC
| LEADER | 00000naa2a2200000 4500 | ||
|---|---|---|---|
| 001 | 518046 | ||
| 005 | 20240214111946.0 | ||
| 035 | |a (RuTPU)RU\TPU\prd\196497 | ||
| 035 | |a RU\TPU\prd\196496 | ||
| 090 | |a 518046 | ||
| 100 | |a 20131004d2013 k y0rusy50 ca | ||
| 101 | 0 | |a rus | |
| 102 | |a RU | ||
| 135 | |a drnn ---uucaa | ||
| 181 | 0 | |a i | |
| 182 | 0 | |a b | |
| 200 | 1 | |a Исследование термической устойчивости нанопорошков алюминия и железа |f О. Б. Назаренко [и др.] | |
| 203 | |a Текст |c электронный | ||
| 215 | |a 1 файл (1.16 Мб) | ||
| 225 | 1 | |a Инженерные науки | |
| 300 | |a Заглавие с титульного листа | ||
| 320 | |a [Библиогр.: с. 33 (10 назв.)] | ||
| 330 | |a Исследована термическая устойчивость нанопорошков алюминия и железа, полученных электрическим взрывом проводников, при нагревании в воздухе. Показано, что нанопорошки металлов даже после длительного хранения продолжают оставаться чрезвычайно активными, что предопределяет необходимость разработки мероприятий по безопасному обращению с ними. Устойчивость наночастиц металлов к окислению зависит от состояния защитного поверхностного оксидно-гидроксидного слоя и определяется условиями получения нанопорошков и длительностью хранения. Параметры, характеризующие термическую активность, могут быть использованы для диагностики пожароопасности металлов в нанодисперсном состоянии. | ||
| 337 | |a Adobe Reader | ||
| 461 | 1 | |0 (RuTPU)RU\TPU\prd\143680 |x 2226-0064 |t Вестник науки Сибири |o электронный научный журнал |f Томский политехнический университет (ТПУ) |d 2011- | |
| 463 | 1 | |0 (RuTPU)RU\TPU\prd\196491 |t № 3 (9) |v [С. 28-33] |d 2013 | |
| 610 | 1 | |a нанопорошки | |
| 610 | 1 | |a металлы | |
| 610 | 1 | |a алюминий | |
| 610 | 1 | |a железо | |
| 610 | 1 | |a термическая устойчивость | |
| 610 | 1 | |a пожароопасные свойства | |
| 610 | 1 | |a труды учёных ТПУ | |
| 610 | 1 | |a электронный ресурс | |
| 701 | 1 | |a Назаренко |b О. Б. |c специалист в области экологии и безопасности жизнедеятельности |c профессор Томского политехнического университета, доктор технических наук |f 1963- |g Ольга Брониславовна |3 (RuTPU)RU\TPU\pers\25620 |9 11549 | |
| 701 | 1 | |a Амелькович |b Ю. А. |c специалист в области экологии и безопасности жизнедеятельности |c доцент Томского политехнического университета, кандидат технических наук |f 1980- |g Юлия Александровна |3 (RuTPU)RU\TPU\pers\25480 |9 11419 | |
| 701 | 1 | |a Сечин |b А. И. |c специалист в области экологии и безопасности жизнедеятельности |c профессор Томского политехнического университета, доктор технических наук |f 1950- |g Александр Иванович |3 (RuTPU)RU\TPU\pers\26051 |9 11890 | |
| 701 | 1 | |a Назаренко |b С. Ю. |g Светлана Юрьевна | |
| 801 | 1 | |a RU |b 63413507 |c 20090623 |g PSBO | |
| 801 | 2 | |a RU |b 63413507 |c 20180115 |g PSBO | |
| 856 | 4 | |u http://earchive.tpu.ru/handle/11683/16433 | |
| 942 | |c BK | ||